000 00447nam a2200181Ia 4500
001 10699
005 20260306161851.0
008 260306t1980||||xx |||||||||||||| ||spa||
041 _aESP
082 _a946.081
_bS17
100 _aSalas Larrazábal, Ramón
_eAUT
245 0 _aLos datos exactos de la guerra civil
260 _c1980
300 _axvii, 310 páginas :
_c19 cm.
650 _aGEN
654 _aCHU
942 _cLIB
_dJUS
_fJUS
_2ddc
_n
999 _c10699
_d10699